[Event "URS-FL"]
[Site "Frunze"]
[Date "1979.??.??"]
[Round "15"]
[White "Tukmakov, Vladimir B"]
[Black "Dolmatov, Sergey"]
[Result "1/2-1/2"]
[WhiteElo "2575"]
[BlackElo "2495"]

1.d4 d5 2.c4 c6 3.Nf3 Nf6 4.Nc3 e6 5.e3 Nbd7 6.Bd3 dxc4 7.Bxc4 b5 8.Bd3 a6
9.e4 c5 10.d5 c4 11.dxe6 fxe6 12.Bc2 Bb7 13.O-O Qc7 14.Qe2 Bd6 15.Ng5 Nc5
16.f4 e5 17.a4 b4 18.Nd5 Nxd5 19.exd5 O-O-O 20.Qxc4 exf4 21.Bxf4 Bxf4 22.Rxf4 Rxd5
23.Rf7 Qc6 24.Nf3 Kb8 25.Qxb4 g5 26.Re1 a5 27.Qc3 Re8 28.Qxa5 Ne4 29.Qb4 Nd6
30.Rxh7 Rxe1+ 31.Nxe1 Re5 32.Nf3 Re2 33.Bd1 Re4 34.Rh8+ Nc8 35.Qb5 Qc1 36.Rd8 Qe3+
37.Kf1 g4 38.Rd7 Qb6 39.Rxb7+ Kxb7 40.Qd5+ Qc6 41.Qxc6+ Kxc6 42.Nd2 Rd4 43.Ke1 Nb6
44.b3 Kc5 45.a5 Nd5 46.Nc4 Nf4 47.Ne3 Nd3+ 48.Ke2 Kb5 49.Nxg4 Rxg4  1/2-1/2

[Event "Lodz"]
[Site "Lodz"]
[Date "1979.??.??"]
[Round "11"]
[White "Luczak, Andrzej"]
[Black "Bator, Robert"]
[Result "0-1"]
[WhiteElo "2440"]
[BlackElo "2230"]

1.Nf3 d5 2.d4 Nf6 3.c4 e6 4.Nc3 c6 5.e3 Nbd7 6.Qc2 Bd6 7.b3 O-O 8.Be2 b6
9.O-O Bb7 10.Bb2 c5 11.Rad1 Qe7 12.Rfe1 Rac8 13.Qb1 Rfd8 14.cxd5 exd5 15.Bf1 Ne4
16.dxc5 Ndxc5 17.Nb5 Bb8 18.Nbd4 Qf6 19.Rc1 Qg6 20.Red1 Qh5 21.g3 Ne6 22.Bg2 N6g5
23.Nxg5 Qxg5 24.Qd3 h5 25.Nf3 Qf5 26.Qe2 Qg4 27.Nd4 Qg6 28.Qf3 Rxc1 29.Rxc1 Qg4
30.Nc6 Bxc6 31.Rxc6 Qd7 32.Rc1 h4 33.Qh5 hxg3 34.hxg3 Qe7 35.Rd1 Rd6 36.Rxd5 Nxg3
37.Rxd6 Nxh5  0-1

[Event "Lodz"]
[Site "Lodz"]
[Date "1979.??.??"]
[Round "12"]
[White "Schinzel, Wladyslaw"]
[Black "Lukacs, Peter"]
[Result "1/2-1/2"]
[WhiteElo "2400"]
[BlackElo "2420"]

1.c4 Nf6 2.Nf3 c6 3.d4 d5 4.e3 e6 5.Nc3 Nbd7 6.Qc2 Bd6 7.b3 O-O 8.Be2 e5
9.cxd5 Nxd5 10.Nxd5 cxd5 11.dxe5 Nxe5 12.Bb2 Bb4+ 13.Nd2 Qg5 14.Bxe5 Qxe5
15.O-O Bf5 16.Qd1 Bc3 17.Rc1 Qf6 18.Nf3 Be4 19.Bd3 Rac8 20.Bxe4 dxe4  1/2-1/2

[Event "Lodz"]
[Site "Lodz"]
[Date "1979.??.??"]
[Round "15"]
[White "Lukacs, Peter"]
[Black "Bator, Robert"]
[Result "1-0"]
[WhiteElo "2420"]
[BlackElo "2230"]

1.d4 d5 2.c4 e6 3.Nc3 c6 4.e3 Nf6 5.Nf3 Nbd7 6.Bd3 dxc4 7.Bxc4 b5 8.Bd3 Bb7
9.O-O b4 10.Ne4 c5 11.Nxf6+ gxf6 12.e4 cxd4 13.Nxd4 Qb6 14.Nb3 Rd8 15.Be3 Qd6
16.Qe2 Rg8 17.Rfd1 Qb8 18.Bb5 Bxe4 19.f3 Bf5 20.Rxd7 Rxd7 21.Bxd7+ Kxd7 22.Rd1+ Ke8
23.Qa6 Be7 24.Qc6+ Kf8 25.Bh6+ Rg7 26.Rd7 Bd8 27.Nd4 Bb6 28.Rxf7+ Kxf7 29.Qd7+ Kg6
30.Qxg7+ Kh5 31.Be3  1-0

[Event "Naleczow"]
[Site "Naleczow"]
[Date "1979.??.??"]
[Round "15"]
[White "Szymczak, Zbigniew"]
[Black "Schussler, Harry"]
[Result "1/2-1/2"]
[WhiteElo "2355"]
[BlackElo "2460"]

1.d4 d5 2.c4 c6 3.Nf3 Nf6 4.Nc3 e6 5.e3 Be7 6.Bd3 O-O 7.O-O dxc4 8.Bxc4 c5
9.dxc5 Qxd1 10.Rxd1 Bxc5 11.Bd2 Nc6  1/2-1/2

[Event "Marshall op"]
[Site "New York"]
[Date "1979.??.??"]
[Round "7"]
[White "Kaufman, Larry C"]
[Black "Boskovic, Milorad"]
[Result "1-0"]
[WhiteElo "2390"]
[BlackElo "2255"]

1.d4 Nf6 2.c4 e6 3.Nf3 d5 4.Nc3 c6 5.e3 a6 6.Qc2 dxc4 7.Bxc4 b5 8.Bd3 Nbd7
9.O-O c5 10.a4 c4 11.Be2 Rb8 12.axb5 axb5 13.e4 b4 14.Na4 b3 15.Qxc4 Nxe4
16.Qd3 Ndf6 17.Ne5 Bd7 18.Nxd7 Qxd7 19.Bf3 Rb4 20.Nc3 Qxd4 21.Ra8+ Kd7 22.Qa6 Nd6
23.Qc6+ Ke7 24.Rd1 Qb6 25.Rxd6  1-0

[Event "Novi Sad"]
[Site "Novi Sad"]
[Date "1979.??.??"]
[Round "?"]
[White "Gligoric, Svetozar"]
[Black "Sveshnikov, Evgeny"]
[Result "1/2-1/2"]
[WhiteElo "2560"]
[BlackElo "2545"]

1.d4 d5 2.c4 e6 3.Nf3 Nf6 4.Nc3 c6 5.e3 Nbd7 6.Bd3 dxc4 7.Bxc4 b5 8.Bd3 a6
9.e4 c5 10.d5 c4 11.dxe6 fxe6 12.Bc2 Qc7 13.O-O Bb7 14.Qe2 Bd6 15.Ng5 Nc5
16.f4 e5 17.a4 b4 18.Nd5 Nxd5 19.exd5 O-O-O 20.Qxc4 exf4 21.Bxf4 Bxf4 22.Rxf4 Rxd5
23.Rf5 Rhd8  1/2-1/2

[Event "Rome"]
[Site "Rome"]
[Date "1979.??.??"]
[Round "9"]
[White "Toth, Bela"]
[Black "Coppini, Giorgio"]
[Result "1-0"]
[WhiteElo "2470"]
[BlackElo "2285"]

1.d4 d5 2.c4 c6 3.Nc3 Nf6 4.e3 e6 5.Nf3 Nbd7 6.Bd3 Bd6 7.e4 dxe4 8.Nxe4 Nxe4
9.Bxe4 h6 10.O-O O-O 11.Bc2 e5 12.Re1 exd4 13.Qxd4 Nf6 14.Rd1 Be7 15.Qe5 Bd7
16.Bxh6 gxh6 17.Qg3+ Kh8 18.Ne5 Bc5 19.Qf4 Kg7 20.Rd3 Rh8 21.Rxd7 Qxd7 22.Nxd7  1-0

[Event "Rome"]
[Site "Rome"]
[Date "1979.??.??"]
[Round "11"]
[White "Coppini, Giorgio"]
[Black "Mariotti, Sergio"]
[Result "1/2-1/2"]
[WhiteElo "2285"]
[BlackElo "2485"]

1.Nf3 Nf6 2.c4 e6 3.Nc3 d5 4.d4 c6 5.e3 Nbd7 6.Qc2 dxc4 7.Bxc4 b5 8.Be2 Bb7
9.O-O Rc8 10.Rd1 b4 11.Na4 Qa5 12.b3 c5 13.Nb2 cxd4 14.Nc4 Qc7 15.Nxd4 a6
16.a3 bxa3 17.Bxa3 Bxa3 18.Rxa3 O-O 19.Bf3 Bxf3 20.Nxf3 Nd5 21.e4 Nb4 22.Qd2 Rb8
23.Ra4 Nc6 24.Qe3 Ra8 25.Raa1 Rfb8 26.Rxd7 Qxd7 27.Nb6 Qa7 28.Nxa8 Qxe3 29.fxe3 Rxa8
30.Nd4 Nb4 31.Ra4 Rb8 32.e5 Rb6 33.Kf1 Nd3 34.Ra5 h6 35.Ke2 Nc1+ 36.Kf3 Nd3
37.Ke2 Nb4 38.Kd2 Kh7 39.e4 Nc6 40.Nxc6 Rxc6 41.Kd3 Kg6 42.b4 Kg5 43.Rc5 Rb6
44.Kc4 Kf4 45.Rc7 Kxe4 46.Rxf7 Rc6+ 47.Kb3 g5 48.Rh7 Kxe5 49.Rxh6 Kf5 50.h3 g4
51.Rh5+ Ke4 52.Rc5 Rb6 53.hxg4 e5 54.Kc3 Rg6 55.Ra5 Rb6 56.Kc4 Rc6+ 57.Rc5 Re6
58.g3 Rh6 59.Ra5 Rc6+ 60.Rc5 Rg6 61.Ra5 Rxg4 62.Rxa6 Rxg3 63.Rf6 Rg1 64.Kc5 Rc1+
65.Kb6 Kd5 66.b5 e4 67.Rf8 e3 68.Rd8+ Ke4 69.Re8+ Kd4 70.Ka7 Rc5 71.b6 Ra5+
72.Kb8 Re5 73.Rxe5 Kxe5 74.b7 e2 75.Ka8 e1=Q 76.b8=Q+  1/2-1/2

[Event "Stary Smokovec"]
[Site "Stary Smokovec"]
[Date "1979.??.??"]
[Round "?"]
[White "Knezevic, Milorad"]
[Black "Mnatsakanian, Eduard A"]
[Result "1/2-1/2"]
[WhiteElo "2500"]
[BlackElo "2425"]

1.d4 d5 2.c4 c6 3.e3 Nf6 4.Nc3 e6 5.Nf3 Nbd7 6.Qc2 Bd6 7.e4 dxe4 8.Nxe4 Nxe4
9.Qxe4 Nf6 10.Qc2 c5 11.dxc5 Bxc5 12.Bd3 O-O 13.O-O b6 14.Bg5 h6 15.Be4 Rb8
16.Bf4 Bb7 17.Bxb7 Rxb7 18.Rad1 Rd7 19.Rxd7 Qxd7 20.Rd1 Qc8 21.Ne5 Rd8 22.Rxd8+ Qxd8
23.Qd3 Qc7 24.Bg3 Nh5 25.Nd7 Nxg3 26.Nxc5  1/2-1/2

[Event "URS-ch (Women)"]
[Site "Tbilisi"]
[Date "1979.??.??"]
[Round "16"]
[White "Litinskaya, Marta I"]
[Black "Zaitseva, Ludmila G"]
[Result "1/2-1/2"]
[WhiteElo "2265"]
[BlackElo "2210"]

1.d4 d5 2.c4 c6 3.Nc3 Nf6 4.e3 e6 5.Nf3 Nbd7 6.Bd3 dxc4 7.Bxc4 b5 8.Be2 a6
9.O-O c5 10.a4 b4 11.Nb1 Bb7 12.Nbd2 Be7 13.Nb3 O-O 14.Nfd2 Rc8 15.Nxc5 Nxc5
16.dxc5 Rxc5 17.Bf3 Bxf3 18.Nxf3 Ne4 19.Nd4 Bf6 20.Qd3 Qa8 21.f3 Nd6 22.Nb3 Rd5
23.Qe2 Nf5 24.e4 Bd4+ 25.Nxd4 Nxd4 26.Qf2 Rd7 27.Be3 Rfd8 28.Rad1 e5 29.Rc1 Nb3
30.Rc2 Nd4 31.Rc5 f6 32.h3 Nb3 33.Rc2 Nd4 34.Rc4 a5 35.Kh2 Qa6 36.Rfc1 Qe6
37.Qf1 f5 38.exf5 Qxf5 39.Rc8 h6 40.Rxd8+ Rxd8 41.Rc5 Nb3 42.Qc4+ Qf7 43.Qxf7+ Kxf7
44.Rxe5 Rd1 45.Bb6 Rd2 46.Bxa5 Nxa5 47.Rxa5 Rxb2 48.h4 Ra2 49.h5 b3 50.Kh3 b2
51.Rb5 Kf6 52.g4 Kf7 53.a5 Rxa5 54.Rxb2 Ra3 55.Kg3 Ra4 56.Re2 Rb4 57.Re4 Rb5
58.f4 Rb1 59.Ra4 Rg1+ 60.Kf3 Kf6 61.Ra6+ Kf7 62.Rg6 Ra1 63.Rd6 Rb1 64.Rc6 Ke7
65.Rc5 Kf6 66.Ra5 Rf1+ 67.Kg3 Rg1+ 68.Kh3 Kf7 69.g5 hxg5 70.fxg5 Rb1 71.Ra7+ Kf8
72.Kg4 Rb8 73.Kf5 Kg8 74.Re7 Ra8 75.Re5 Kf7 76.Rd5 Rb8 77.g6+ Kg8 78.Kg5 Ra8
79.Kf5 Rb8 80.Ke6 Ra8 81.Ke7 Rb8 82.Rd8+ Rxd8 83.Kxd8 Kh8 84.Ke8 Kg8 85.Ke7 Kh8
86.h6 Kg8  1/2-1/2

[Event "URS Spartakiad"]
[Site "URS"]
[Date "1979.??.??"]
[Round "?"]
[White "Piesina, Gintautas"]
[Black "Bagirov, Vladimir"]
[Result "1-0"]
[WhiteElo "2200"]
[BlackElo "2545"]

1.d4 d5 2.Nf3 Nf6 3.c4 e6 4.Nc3 c6 5.e3 Nbd7 6.Bd3 dxc4 7.Bxc4 b5 8.Bd3 Bb7
9.O-O b4 10.Ne4 c5 11.Nxf6+ gxf6 12.e4 cxd4 13.Nxd4 Bc5 14.Bb5 Rc8 15.Be3 Bxe4
16.Qg4 Bd5 17.Rfe1 Qe7 18.Nf5 Qf8 19.Bxc5 Rxc5 20.Qxb4 Rg8 21.g3 Rg5 22.Rac1 Bc4
23.Bxd7+ Kxd7 24.Qb7+  1-0

[Event "URS Spartakiad"]
[Site "URS"]
[Date "1979.??.??"]
[Round "?"]
[White "Vaganian, Rafael A"]
[Black "Bagirov, Vladimir"]
[Result "1/2-1/2"]
[WhiteElo "2570"]
[BlackElo "2545"]

1.c4 e6 2.Nf3 Nf6 3.d4 d5 4.Nc3 c6 5.e3 Nbd7 6.Bd3 dxc4 7.Bxc4 b5 8.Bd3 Bb7
9.O-O b4 10.Ne4 Be7 11.a3 a5 12.Qc2 O-O 13.Nxf6+ Nxf6 14.e4 h6 15.e5 Nd7
16.Bh7+ Kh8 17.Be4 Qb6 18.axb4 Bxb4 19.Rd1 Rfc8 20.Bf4 Qd8 21.Bd2 Nb6 22.Bxb4 axb4
23.Qc5 Nd5 24.Nd2 Ba6 25.Bf3 Bd3 26.Rxa8 Rxa8 27.Bxd5 Qxd5 28.Qxb4 Rd8 29.f3 c5
30.Qc3 Be2 31.Rc1 cxd4 32.Qc5 Qxc5 33.Rxc5 Rb8 34.Kf2 Bd3 35.b3 g5 36.Rc7 Kg7
37.Rd7 Rb4 38.g4 Kf8 39.Kg3 Bc2 40.h4 Bxb3 41.hxg5  1/2-1/2

[Event "URS Spartakiad"]
[Site "URS"]
[Date "1979.??.??"]
[Round "?"]
[White "Osnos, Viatcheslav"]
[Black "Ilinsky, Vladimir"]
[Result "1-0"]
[WhiteElo "2470"]
[BlackElo "2200"]

1.c4 e6 2.Nf3 Nf6 3.Nc3 d5 4.d4 c6 5.e3 Nbd7 6.Bd3 Bd6 7.O-O O-O 8.h3 dxc4
9.Bxc4 e5 10.e4 h6 11.Be3 Qe7 12.Nh4 Nb6 13.Ng6 Qc7 14.dxe5 Nxc4 15.exd6 Nxe3
16.fxe3 Qd7 17.Nxf8 Kxf8 18.e5  1-0

[Event "Warszawa Cup5-A"]
[Site "Warsaw"]
[Date "1979.??.??"]
[Round "4"]
[White "Schinzel, Wladyslaw"]
[Black "Ciric, Dragoljub M"]
[Result "1/2-1/2"]
[WhiteElo "2400"]
[BlackElo "2440"]

1.c4 e6 2.Nc3 d5 3.d4 c6 4.e3 Nf6 5.Nf3 Nbd7 6.Bd3 dxc4 7.Bxc4 b5 8.Bd3 a6
9.e4 c5 10.d5 e5 11.b3 c4 12.bxc4 Bb4 13.Bd2 bxc4 14.Bc2 Qa5 15.Ne2 Nxe4
16.Bxe4 c3 17.Nxc3 Bxc3 18.O-O Bxd2 19.Qxd2 Qxd2 20.Nxd2 Nf6 21.Rab1 O-O
22.Rfc1 Rd8  1/2-1/2

[Event "IBM"]
[Site "Amsterdam"]
[Date "1980.??.??"]
[Round "?"]
[White "Larsen, Bent"]
[Black "Dolmatov, Sergey"]
[Result "0-1"]
[WhiteElo "2585"]
[BlackElo "2535"]

1.c4 c6 2.Nc3 d5 3.d4 Nf6 4.e3 e6 5.Nf3 Nbd7 6.Be2 Bd6 7.O-O O-O 8.b3 Re8
9.Bb2 dxc4 10.Bxc4 b5 11.Bd3 Bb7 12.Rc1 Rc8 13.a4 a6 14.Qe2 e5 15.dxe5 Nxe5
16.Bf5 Rb8 17.Ne4 Nxf3+ 18.Qxf3 Nxe4 19.Bxe4 Qh4 20.Rfd1 Bxh2+ 21.Kf1 Qxe4
22.Qxe4 Rxe4 23.g3 Bxg3 24.fxg3 Rxe3 25.Rd7 h6 26.Rc3 Rxc3 27.Bxc3 c5 28.a5 Bc6
29.Ra7 b4 30.Be5 Re8 31.Bd6 Bb5+ 32.Kf2 Re2+ 33.Kf3 Rb2 34.Bxc5 Rxb3+ 35.Kf4 Rb1  0-1

[Event "Baerum"]
[Site "Baerum"]
[Date "1980.??.??"]
[Round "1"]
[White "Tiller, Bjorn"]
[Black "Westerinen, Heikki MJ"]
[Result "0-1"]
[WhiteElo "2300"]
[BlackElo "2470"]

1.c4 c6 2.Nf3 d5 3.d4 Nf6 4.Nc3 e6 5.e3 Nbd7 6.Bd3 dxc4 7.Bxc4 b5 8.Bd3 Bb7
9.Qe2 b4 10.Ne4 Nxe4 11.Bxe4 Qb6 12.O-O c5 13.Bxb7 Qxb7 14.e4 cxd4 15.Nxd4 Bc5
16.Nb3 O-O 17.Rd1 Bb6 18.Be3 Bxe3 19.Qxe3 a5 20.Rd4 Qb5 21.Rad1 Ne5 22.f4 Ng4
23.Qf3 e5 24.Rd6 Nf6 25.Kh1 exf4 26.Rxf6 gxf6 27.Rd5 Qb6 28.Nd4 Rfc8 29.Qxf4 Qc7
30.Qg4+ Kh8 31.h4 Rg8 32.Qf3 Ra6 33.Rh5 Rg6 34.Nf5 Rc6 35.Ne3 Rc1+ 36.Nf1 Qc4
37.Rf5 Kg7 38.h5 Rg5 39.Rxf6 Re1 40.h6+ Kf8 41.Kg1 Qc5+ 42.Kh2 Rxf1 43.Rxf7+ Ke8
44.Qxf1 Rh5+  0-1

[Event "Baku"]
[Site "Baku"]
[Date "1980.??.??"]
[Round "6"]
[White "Mikhalchishin, Adrian"]
[Black "Antoshin, Vladimir S"]
[Result "1/2-1/2"]
[WhiteElo "2490"]
[BlackElo "2480"]

1.d4 Nf6 2.c4 e6 3.Nf3 d5 4.Nc3 c6 5.e3 Nbd7 6.Bd3 Bd6 7.e4 dxe4 8.Nxe4 Nxe4
9.Bxe4 h6 10.O-O O-O 11.Bc2 e5 12.Re1 exd4 13.Qxd4 Bc5 14.Qf4 Nf6 15.Be3 Qb6
16.b3 Bg4 17.Ne5  1/2-1/2

[Event "Baku"]
[Site "Baku"]
[Date "1980.??.??"]
[Round "13"]
[White "Torre, Eugenio"]
[Black "Mikhalchishin, Adrian"]
[Result "1/2-1/2"]
[WhiteElo "2520"]
[BlackElo "2490"]

1.d4 Nf6 2.Nf3 e6 3.c4 d5 4.Nc3 c6 5.e3 Nbd7 6.Bd3 dxc4 7.Bxc4 b5 8.Bd3 a6
9.e4 c5 10.d5 c4 11.dxe6 fxe6 12.Bc2 Qc7 13.O-O Bb7 14.Qe2 Bd6 15.Re1 Ne5
16.Ng5 Qe7 17.f4 Bc5+ 18.Kh1 Nd3 19.Bxd3 cxd3 20.Qxd3 Ng4 21.Nh3 O-O 22.Qg3 h5
23.Nd1 Rad8 24.f5 Rxd1 25.Rxd1 Bxe4 26.Bg5 Qb7 27.b4 Bb6 28.fxe6 Rf2 29.Rg1 Bc7
30.Qxf2 Nxf2+ 31.Nxf2 Bg6 32.Rge1 Qd5 33.Bh4 Qd4 34.Ne4 Bxe4 35.Rad1 Qxb4
36.Bf2 h4 37.e7 Bg6 38.Rd8+ Kh7 39.e8=Q Bxe8 40.Rdxe8 Qf4 41.Bg1 h3 42.R8e4 hxg2+
43.Kxg2 Qg5+ 44.Kf1 Qf5+ 45.Kg2 Qd5 46.Re2 Be5 47.h3 b4 48.Bh2 Bc3 49.Kg1 a5
50.Be5 a4 51.Kh2 a3 52.Bxc3 bxc3 53.Rg4 Qd3 54.Rgg2 g5 55.Ref2 Qe3 56.Rc2 Qd3
57.Rcf2 Qe3 58.Rc2  1/2-1/2

[Event "HUN-ch+"]
[Site "Budapest"]
[Date "1980.??.??"]
[Round "?"]
[White "Petran, Pal"]
[Black "Navarovszky, Laszlo"]
[Result "1-0"]
[WhiteElo "2445"]
[BlackElo "2395"]

1.d4 d5 2.c4 c6 3.Nc3 Nf6 4.Nf3 e6 5.e3 Nbd7 6.Bd3 Bb4 7.O-O O-O 8.Qb3 Qe7
9.Bd2 dxc4 10.Bxc4 Bd6 11.Rae1 e5 12.dxe5 Nxe5 13.Nxe5 Bxe5 14.f4 Bd6 15.Qc2 Re8
16.Bd3 b5 17.e4 Bc5+ 18.Be3 Bxe3+ 19.Rxe3 a6 20.Rfe1 Qa7 21.h3 c5 22.b3 Bb7
23.Kh2 Rac8 24.e5 c4 25.bxc4 Qd4 26.Qf2 Nd7 27.Bf5 Rxc4 28.Rd1 Qc5 29.Rxd7 Rxc3
30.Qh4 g6 31.e6  1-0

[Event "HUN-ch"]
[Site "Budapest"]
[Date "1980.??.??"]
[Round "?"]
[White "Karsa, Laszlo"]
[Black "Lukacs, Peter"]
[Result "1/2-1/2"]
[WhiteElo "2340"]
[BlackElo "2405"]

1.d4 d5 2.c4 e6 3.Nc3 c6 4.e3 Nf6 5.Nf3 Nbd7 6.Qc2 Bd6 7.b3 O-O 8.Be2 e5
9.cxd5 Nxd5 10.Bb2 Nxc3 11.Bxc3 Qe7 12.O-O e4 13.Nd2 Nf6 14.Nc4 Bg4 15.f3 exf3
16.gxf3 Bh3 17.Nxd6 Qxd6 18.Rf2 Nd5 19.Bd2 Rfe8 20.Qd3 Qh6 21.Bf1 Qg5+ 22.Kh1 Qh4
23.Re2 f5 24.Be1 Qh5 25.Bxh3 Qxh3 26.Bg3 Re6 27.e4 fxe4 28.Rxe4 Rf8 29.Rae1 Qf5
30.Kg2 Rg6 31.Qf1 Rgf6 32.Re8 Qc2+ 33.Qf2 Nf4+ 34.Bxf4 Qg6+ 35.Bg5 Qxg5+
36.Kh1 Qd5 37.Rxf8+ Rxf8 38.Kg2 Rf4 39.Re8+ Kf7 40.Re5 Qxd4 41.Rf5+ Kg8  1/2-1/2

[Event "Fyn"]
[Site "DEN"]
[Date "1980.??.??"]
[Round "?"]
[White "Pedersen, Jens Otto"]
[Black "Knudsen, Per"]
[Result "0-1"]
[WhiteElo "2200"]
[BlackElo "2360"]

1.Nf3 d5 2.d4 Nf6 3.c4 c6 4.Nc3 e6 5.e3 Bd6 6.Bd3 dxc4 7.Bxc4 Nbd7 8.O-O O-O
9.e4 e5 10.Bg5 Qc7 11.d5 Nb6 12.Bb3 Be7 13.Rc1 Bg4 14.h3 Bxf3 15.Qxf3 Nfxd5
16.Nxd5 Nxd5 17.exd5 Bxg5 18.Rc4 c5 19.Rg4 Be7 20.Re1 Bd6 21.Qf5 g6 22.Re3 Qe7
23.Qh5 Qf6 24.Bc2 Qg7 25.Qg5 f5  0-1

[Event "Esbjerg+"]
[Site "Esbjerg"]
[Date "1980.??.??"]
[Round "?"]
[White "Darga, Klaus"]
[Black "Iskov, Gert"]
[Result "1-0"]
[WhiteElo "2495"]
[BlackElo "2400"]

1.d4 d5 2.c4 e6 3.Nc3 c6 4.Nf3 Nf6 5.e3 Nbd7 6.Bd3 dxc4 7.Bxc4 b5 8.Bd3 Bb7
9.e4 b4 10.Na4 c5 11.e5 Nd5 12.O-O cxd4 13.Re1 g6 14.Nxd4 a6 15.Qg4 Qa5 16.b3 Bg7
17.Nxe6 fxe6 18.Qxe6+ Ne7 19.Bg5 Bf8 20.Bc4 Bd5 21.Bxd5 Qxd5 22.Qd6 Qb5 23.e6 Rd8
24.exd7+ Rxd7 25.Qf6 Rg8 26.Rac1 Qb7 27.Nc5  1-0

[Event "Hillerod"]
[Site "Hillerod"]
[Date "1980.??.??"]
[Round "3"]
[White "Hoi, Carsten"]
[Black "Brinck Claussen, Bjorn"]
[Result "1/2-1/2"]
[WhiteElo "2410"]
[BlackElo "2370"]

1.d4 d5 2.Nf3 Nf6 3.c4 c6 4.Nc3 e6 5.e3 Nbd7 6.Qc2 Bd6 7.b3 O-O 8.Bb2 Qe7
9.Be2 dxc4 10.bxc4 e5 11.O-O Re8 12.Rfe1 e4 13.Nd2 Nf8 14.f3 exf3 15.Bxf3 Ng4
16.Nf1 Qh4 17.Bxg4 Bxg4 18.Qf2 Qxf2+ 19.Kxf2 Rad8 20.Ng3  1/2-1/2

[Event "Candidats (Women) qf3"]
[Site "Kislovodsk"]
[Date "1980.??.??"]
[Round "4"]
[White "Akhmilovskaya, Elena"]
[Black "Alexandria, Nana"]
[Result "1/2-1/2"]
[WhiteElo "2315"]
[BlackElo "2335"]

1.c4 c6 2.Nf3 d5 3.d4 Nf6 4.Nc3 e6 5.e3 Nbd7 6.Bd3 dxc4 7.Bxc4 b5 8.Be2 b4
9.Na4 Bb7 10.O-O Be7 11.a3 a5 12.Qc2 O-O 13.Bd2 c5 14.dxc5 Be4 15.Bd3 Bxd3
16.Qxd3 Nxc5 17.Nxc5 Bxc5 18.Qc4 Rc8 19.Qb5 Ne4 20.Rfd1 Qf6 21.Rab1 bxa3
22.bxa3 Nc3 23.Bxc3 Qxc3 24.Rbc1 Qxa3 25.Ra1 Rfd8 26.Rf1 Qc3 27.Qxa5  1/2-1/2

[Event "Malta ol (Men)"]
[Site "La Valetta"]
[Date "1980.??.??"]
[Round "?"]
[White "Blow, R."]
[Black "Huss, Andreas"]
[Result "0-1"]
[WhiteElo "2200"]
[BlackElo "2350"]

1.c4 Nf6 2.Nc3 c6 3.Nf3 d5 4.d4 e6 5.e3 Nbd7 6.Bd3 dxc4 7.Bxc4 b5 8.Bd3 a6
9.O-O c5 10.b3 cxd4 11.exd4 Bb7 12.Bb2 b4 13.Na4 Nd5 14.Qd2 Bd6 15.Ne5 Qh4
16.f4 Rd8 17.Rae1 O-O 18.Be4 f5 19.Bf3 Nxe5 20.fxe5 Be7 21.Bc1 Rd7 22.g3 Qh3
23.Bg2 Qg4 24.Qf2 f4 25.Bf3 fxg3 26.Bxg4 gxf2+ 27.Rxf2 Nc7 28.Rxf8+ Kxf8
29.Rf1+ Ke8 30.Nc5 Rxd4 31.Bh5+ g6 32.Nxb7 gxh5 33.Be3 Rd3 34.Bb6 Nd5 35.Bc5 Rd2
36.Bxe7 Kxe7 37.Nd6 Kd7 38.Rf7+ Kc6 39.Ne4 Rxa2 40.Ng5 Nc7  0-1

[Event "Malta ol (Men)"]
[Site "La Valetta"]
[Date "1980.??.??"]
[Round "?"]
[White "Borik, Otto"]
[Black "Westerinen, Heikki MJ"]
[Result "1/2-1/2"]
[WhiteElo "2390"]
[BlackElo "2470"]

1.d4 d5 2.Nf3 Nf6 3.c4 c6 4.Nc3 e6 5.e3 Nbd7 6.Qc2 Be7 7.b3 O-O 8.Bd3 b6
9.O-O Bb7 10.Bb2 Rc8 11.Rad1 Qc7 12.e4 dxe4 13.Nxe4 Nxe4 14.Bxe4 Nf6 15.Bd3 Rfd8
16.Rfe1 h6 17.Ne5 c5 18.d5 exd5 19.Bf5 d4 20.Bxc8 Rxc8 21.Re2 Bd6 22.Rde1 Re8
23.Ng4 Rxe2 24.Nxf6+ gxf6 25.Qxe2 Bxh2+ 26.Kf1 Qe5 27.Qg4+ Qg5 28.Qxg5+ fxg5
29.Re7 Bc6 30.g3 a5 31.Bc1 Kg7 32.Ra7 Bf3 33.Ra6 f6 34.Rxb6 h5 35.Ba3 h4
36.Bxc5 d3 37.Rd6 h3 38.Rxd3 Bg2+ 39.Ke2 Bg1 40.Rd7+ Kg6 41.Rd8  1/2-1/2

[Event "NLD-ch"]
[Site "Leeuwarden"]
[Date "1980.??.??"]
[Round "5"]
[White "Ligterink, Gert"]
[Black "Van Wijgerden, Cornelis"]
[Result "1/2-1/2"]
[WhiteElo "2455"]
[BlackElo "2435"]

1.d4 d5 2.c4 c6 3.Nf3 Nf6 4.Nc3 e6 5.e3 Nbd7 6.Qc2 Bd6 7.e4 dxe4 8.Nxe4 Nxe4
9.Qxe4 e5 10.dxe5 O-O 11.Bd3 f5 12.Qe2 Nxe5 13.Nxe5 Bxe5 14.O-O Qf6 15.Re1 Bd4
16.Bf4 Bxb2 17.Rab1 Bc3 18.Rec1 c5 19.Qf3 Rf7 20.Qd5 Be6 21.Qxc5 Bd4 22.Qa3 Rd7
23.c5 Bd5 24.Bb5 Bc6 25.Bd6 Bxb5 26.Rxb5 Rc8 27.Rbb1 h6 28.Qa4 Rc6 29.Rd1  1/2-1/2

[Event "Makarczyk mem"]
[Site "Lodz"]
[Date "1980.??.??"]
[Round "14"]
[White "Kharitonov, Andrei Y"]
[Black "Lukacs, Peter"]
[Result "1/2-1/2"]
[WhiteElo "2435"]
[BlackElo "2405"]

1.Nf3 Nf6 2.c4 c6 3.Nc3 d5 4.d4 e6 5.e3 Nbd7 6.Qc2 Bd6 7.b3 O-O 8.Bb2 e5
9.cxd5 cxd5 10.dxe5 Nxe5 11.Be2 Nxf3+ 12.Bxf3 d4 13.exd4 Re8+ 14.Kf1 Qa5
15.h3 Bf5 16.Qd2 Bb4 17.a3 Bxc3 18.Bxc3 Qb5+ 19.Kg1 Qxb3 20.d5 Ne4 21.Bxe4 Rxe4
22.Kh2  1/2-1/2

[Event "Lone Pine"]
[Site "Lone Pine"]
[Date "1980.??.??"]
[Round "7"]
[White "Kaufman, Larry C"]
[Black "Christiansen, Larry Mark"]
[Result "1/2-1/2"]
[WhiteElo "2395"]
[BlackElo "2485"]

1.d4 Nf6 2.c4 e6 3.Nf3 d5 4.Nc3 c6 5.e3 Nbd7 6.Bd3 dxc4 7.Bxc4 b5 8.Be2 Bb7
9.a3 a5 10.e4 b4 11.e5 bxc3 12.exf6 cxb2 13.fxg7 Bxg7 14.Bxb2 c5 15.O-O Rb8
16.Bc3 O-O 17.Rc1 cxd4 18.Bxd4 Bxf3 19.Bxf3 Ne5 20.Bxe5 Bxe5 21.Qxd8 Rfxd8
22.Rc5  1/2-1/2

[Event "WchT U26"]
[Site "Mexico"]
[Date "1980.??.??"]
[Round "?"]
[White "Mikhalchishin, Adrian"]
[Black "Flear, Glenn C"]
[Result "1-0"]
[WhiteElo "2490"]
[BlackElo "2320"]

1.Nf3 d5 2.d4 Nf6 3.c4 e6 4.Nc3 c6 5.e3 Nbd7 6.Qc2 Bd6 7.e4 dxe4 8.Nxe4 Nxe4
9.Qxe4 e5 10.dxe5 O-O 11.exd6 Re8 12.Qxe8+ Qxe8+ 13.Be3 Ne5 14.O-O-O Nxf3
15.gxf3 Bd7 16.Bd3 Qe5 17.Rhg1 g6 18.f4 Qf6 19.f5 b6 20.Bc2 Qh4 21.Kb1 c5
22.Bg5 Qxf2 23.fxg6 hxg6 24.Rdf1 Qd4 25.Be7 a5 26.h4 Bg4 27.Bf6 Qxc4 28.h5 gxh5
29.d7 Qxf1+ 30.Rxf1 Bxd7 31.Bd1 Bg4 32.Bxg4 hxg4 33.Rh1  1-0

[Event "New York MCC"]
[Site "New York"]
[Date "1980.??.??"]
[Round "1"]
[White "Benjamin, Joel"]
[Black "Arnason, Jon L"]
[Result "1/2-1/2"]
[WhiteElo "2350"]
[BlackElo "2435"]

1.d4 d5 2.c4 c6 3.Nc3 Nf6 4.e3 e6 5.Nf3 Nbd7 6.Bd3 dxc4 7.Bxc4 b5 8.Bd3 Bb7
9.a3 a5 10.O-O Be7 11.e4 b4 12.Na4 c5 13.e5 Nd5 14.Nxc5 Nxc5 15.dxc5 Bxc5
16.Bb5+ Kf8 17.Ng5 h6 18.Qh5 Qc7 19.Ne4 bxa3 20.bxa3 Bd4 21.Rb1 Qxe5 22.Qxe5 Bxe5
23.Nc5 Nc3 24.Rb2 Bc8 25.Re1 Bd6 26.Bc6 Ra7 27.Be3 Rc7 28.Rb6 Nd5 29.Nxe6+ fxe6
30.Bxd5 Bxa3 31.Bxe6 Bxe6 32.Rxe6 Bb4 33.Rd1 Kf7 34.Re4 Re8 35.Rg4 Kf8 36.h3 Ra8
37.Bf4 Rb7 38.Rd4 Bc5 39.Rc4 Be7 40.Be5 Bb4 41.Bc3  1/2-1/2

[Event "POL-ch"]
[Site "?"]
[Date "1980.??.??"]
[Round "9"]
[White "Kuligowski, Adam"]
[Black "Skrobek, Ryszard"]
[Result "1/2-1/2"]
[WhiteElo "2405"]
[BlackElo "2350"]

1.Nf3 Nf6 2.c4 e6 3.Nc3 d5 4.d4 c6 5.e3 Nbd7 6.Bd3 dxc4 7.Bxc4 b5 8.Bd3 a6
9.e4 c5 10.d5 c4 11.dxe6 cxd3 12.exd7+ Qxd7 13.O-O Bb7 14.Bg5 Be7 15.Ne5 Qd4
16.Nxd3 Rd8 17.Bxf6 Bxf6 18.Nf4 O-O 19.Nfd5 Bxd5 20.Qxd4 Bxd4 21.Nxd5 Bxb2
22.Rab1 Bf6 23.Rfd1 Rfe8 24.f4 Rc8 25.e5 Be7 26.Nxe7+ Rxe7 27.Rd6 Re6 28.Rbd1 g5
29.Rxe6 fxe6 30.fxg5 Kf7 31.h4 Rc5 32.Re1 b4 33.Kh2 Kg6 34.Kh3 a5 35.Re2 a4
36.Rb2 Rc4 37.Rf2 b3 38.axb3 axb3 39.Rb2 Rc3+ 40.Kg4 Rc4+ 41.Kh3 Rc3+ 42.Kg4 Rc4+  1/2-1/2

[Event "Rome-B"]
[Site "Rome"]
[Date "1980.??.??"]
[Round "1"]
[White "Kovacs, Laszlo M"]
[Black "Joksic, Sinisa"]
[Result "1-0"]
[WhiteElo "2340"]
[BlackElo "2360"]

1.d4 d5 2.c4 c6 3.Nc3 Nf6 4.Nf3 e6 5.e3 Nbd7 6.Bd3 Bd6 7.O-O O-O 8.e4 dxe4
9.Nxe4 Nxe4 10.Bxe4 h6 11.Re1 e5 12.Bc2 Bb4 13.Bd2 Bxd2 14.Qxd2 exd4 15.Nxd4 Nf6
16.Rad1 c5 17.Nb5 Qxd2 18.Rxd2 Be6 19.Nd6 Rad8 20.Red1 b6 21.Be4 Rb8 22.f3 Rfd8
23.b3 Kf8 24.Bc6 Ke7 25.Kf2 g6 26.h3 h5 27.h4 Kf8 28.Nb5 Rxd2+ 29.Rxd2 Rc8
30.Nxa7 Rc7 31.Rd8+ Kg7 32.Ra8 Bf5 33.Ba4 Re7 34.Nc6 Rd7 35.Ke2 Bb1 36.Bb5 Bd3+
37.Ke3 Bf1 38.Kf2 Rd1 39.Ne5 Ng8 40.Ra7 Nh6 41.Nxf7 Nxf7 42.Be8 Bd3 43.Rxf7+  1-0

[Event "Sochi"]
[Site "Sochi"]
[Date "1980.??.??"]
[Round "8"]
[White "Spassov, Liuben"]
[Black "Panchenko, Alexander N"]
[Result "0-1"]
[WhiteElo "2450"]
[BlackElo "2495"]

1.Nf3 Nf6 2.c4 e6 3.Nc3 d5 4.d4 c6 5.e3 Nbd7 6.Qc2 Bd6 7.b3 O-O 8.Be2 dxc4
9.bxc4 e5 10.O-O Re8 11.Bb2 Qe7 12.Rfe1 e4 13.Nd2 Nf8 14.Bf1 Bxh2+ 15.Kxh2 Ng4+
16.Kg3 Qd6+ 17.f4 exf3 18.Kxf3 Qf6+ 19.Ke2 Rxe3+  0-1